000 00699nam0a22002411 4500
001 rc\978102
005 20250622064021.0
035 _a(NLR Aleph) 006146377
090 _a5715814
_c5715814
100 _a20041129d1982 |||y0rusy50 ca
101 0 _arus
102 _aRU
105 _aa |||||||||
200 1 _aНаследственность и среда при эпилепсии
210 _aМ.
_cМедицина
_d1982
215 _a144 с.
_cсхем.
_d20
320 _aБиблиогр.: с. 139-143
700 1 _aУтин
_bА.В.
_gАнатолий Васильевич
801 0 _aRU
_bNLR
_gpsbo
801 1 _aRU
_bELAR
_2rusmarc
852 _aNLR
_j82-3/3942
942 _cBOOK
980 _aNB